00273nam a2200121Ia 45000030006000000080041000060400015000471000017000622450037000792600006001165460012001220050017001340STCL150530s9999 xx 000 0 und d aSTCLcSTCL aThapar, A.R. aPassion fruit and jaman in India c0 aEnglish20220125170405.0